00462nam a2200181Ia 4500003000400000005001700004008004100021020001400062040000700076041000800083082002500091100002400116245003500140260006000175300002000235365000800255650001700263OSt20230505112126.0210423s1980 xx 000 0 und d a444801464 cAL aeng a574.19293 223bBERL aBERGELSON (L D) Ed. aLipid biochemical preparations aNew YorkbElsevier North Holland Biomedical Pressc1980 axvii,306bBound cINR aBiochemistry